<?xml version="1.0" encoding="UTF-8"?><?xml-stylesheet type="text/xsl" href="static/style.xsl"?><OAI-PMH xmlns="http://www.openarchives.org/OAI/2.0/" xmlns:xsi="http://www.w3.org/2001/XMLSchema-instance" xsi:schemaLocation="http://www.openarchives.org/OAI/2.0/ http://www.openarchives.org/OAI/2.0/OAI-PMH.xsd"><responseDate>2026-04-17T11:58:13Z</responseDate><request verb="GetRecord" identifier="oai:www.recercat.cat:10459.1/464047" metadataPrefix="marc">https://recercat.cat/oai/request</request><GetRecord><record><header><identifier>oai:recercat.cat:10459.1/464047</identifier><datestamp>2025-09-15T18:55:22Z</datestamp><setSpec>com_2072_3622</setSpec><setSpec>col_2072_479130</setSpec></header><metadata><record xmlns="http://www.loc.gov/MARC21/slim" xmlns:dcterms="http://purl.org/dc/terms/" xmlns:xsi="http://www.w3.org/2001/XMLSchema-instance" xmlns:doc="http://www.lyncode.com/xoai" xsi:schemaLocation="http://www.loc.gov/MARC21/slim http://www.loc.gov/standards/marcxml/schema/MARC21slim.xsd">
   <leader>00925njm 22002777a 4500</leader>
   <datafield ind2=" " ind1=" " tag="042">
      <subfield code="a">dc</subfield>
   </datafield>
   <datafield ind2=" " ind1=" " tag="720">
      <subfield code="a">Marcos-Marcos, Jorge</subfield>
      <subfield code="e">author</subfield>
   </datafield>
   <datafield ind2=" " ind1=" " tag="720">
      <subfield code="a">Nardini, Krizia</subfield>
      <subfield code="e">author</subfield>
   </datafield>
   <datafield ind2=" " ind1=" " tag="720">
      <subfield code="a">Briones Vozmediano, Erica Tula</subfield>
      <subfield code="e">author</subfield>
   </datafield>
   <datafield ind2=" " ind1=" " tag="720">
      <subfield code="a">Vives Cases, Carmen</subfield>
      <subfield code="e">author</subfield>
   </datafield>
   <datafield ind2=" " ind1=" " tag="260">
      <subfield code="c">2023</subfield>
   </datafield>
   <datafield ind2=" " ind1=" " tag="520">
      <subfield code="a">Objective
This study seeks to deepen current knowledge of the phenomenon of gender-based violence (GVB) among young people in Spain, identifying the main challenges in terms of prevention from the perspective of key stakeholders in the field.
Methods
23 semi-structured qualitative interviews were performed with professionals whose work involves youth and comes from different areas: social work, policy making, youth education, feminist and LGBTQ activism and anti-violence masculinities engagement (13 women and 10 men).
Results
Among the main challenges identified by stakeholders in relation to GBV preventive strategies in young populations there is a need to focus on transformative programmes within educational settings. The findings indicate that specific programs and interventions in this area may not be yielding the expected effectiveness. This outcome could be attributed less to a lack of resources and more to a failure to address the core issues and challenges adequately. Thus, the results underline that intervention programmes should emphasise equitable gender norms and gender relations and incorporate content on anti-violence masculinities. Finally, a pivotal aspect seen by professionals to facilitate GBV prevention is the design and development of interventions based on participatory and active approaches, close to young people’s everyday situations. The results also draw attention to the need to analyse the impact of new forms of violence in greater depth, especially those that occur through information and communication technologies.
Conclusion
Among other implications for policy and practice, the study points to the need to articulate interventions designed to work simultaneously at different levels of influence acting on people.</subfield>
   </datafield>
   <datafield ind2=" " ind1=" " tag="520">
      <subfield code="a">This work was supported by GENDER NET Plus Co-Fund (reference number 2018 − 00968) and the Ministry of Science and Innovation of Spain (reference number PCI2019-103580).</subfield>
   </datafield>
   <datafield tag="653" ind2=" " ind1=" ">
      <subfield code="a">Gender-based violence</subfield>
   </datafield>
   <datafield tag="653" ind2=" " ind1=" ">
      <subfield code="a">Primary prevention</subfield>
   </datafield>
   <datafield tag="653" ind2=" " ind1=" ">
      <subfield code="a">Masculinities</subfield>
   </datafield>
   <datafield tag="653" ind2=" " ind1=" ">
      <subfield code="a">Stakeholders</subfield>
   </datafield>
   <datafield tag="653" ind2=" " ind1=" ">
      <subfield code="a">Qualitative research</subfield>
   </datafield>
   <datafield tag="653" ind2=" " ind1=" ">
      <subfield code="a">Spain</subfield>
   </datafield>
   <datafield ind2="0" ind1="0" tag="245">
      <subfield code="a">Listening to stakeholders in the prevention of gender-based violence among young people in Spain: a qualitative study from the positivMasc project</subfield>
   </datafield>
</record></metadata></record></GetRecord></OAI-PMH>